00221nam a2200085Ia 4500001000800000005001700008008004100025245004800066260002100114114460720250827010217.0250824s9999 xx 000 0 und d 0aDOMİNİS EFSANESİcYASEMİN DERYA AKA bPANAMA YAYINLARI